| 000 | 00517nam a2200145Ia 4500 | ||
|---|---|---|---|
| 008 | 170224s9999 xx 000 0 und d | ||
| 100 | _aDevrimi Kaya | ||
| 245 | _aCountries’ adoption of the International Financial Reporting Standard for Small and Medium-sized Entities (IFRS for SMEs) – early empirical evidence | ||
| 245 | _cDevrimi Kaya & Maximilian Koch | ||
| 260 | _bAccounting and Business Research | ||
| 260 | _c2015 | ||
| 300 | _a45:1, pages 93-120 | ||
| 650 | _xAccountancy | ||
| 650 | _xAccounting | ||
| 999 |
_c316085 _d316085 |
||